| 000 | 00437nam a2200157Ia 4500 | ||
|---|---|---|---|
| 003 | SGT | ||
| 020 | _a9788188458592 | ||
| 082 |
_a5 _bJAI |
||
| 100 | _aJain,V.K | ||
| 245 | _aFundamentals of information technology and computer programming | ||
| 260 |
_bS.K. Kataria & SONS _aN.Delhi _c2009 |
||
| 300 | _a379p. | ||
| 650 | _aCOMPUTER SCIENCE | ||
| 653 | _aCOMPUTER BASIC, INPUT UNITS AND DEVICES, WORD MALL MERGE | ||
| 942 |
_2ddc _cBK _01 |
||
| 999 |
_c4976 _d4976 |
||